Basics of troubleshooting in plastics processing : an introductory practical guide /
Annotation
| Main Author: | |
|---|---|
| Corporate Author: | |
| Format: | eBook |
| Language: | English |
| Published: |
Salem, Mass. :
Scrivener ;
[2011]
Hoboken : John Wiley & Sons, Inc., [2011] |
| Subjects: | |
| Online Access: | Full Text via HEAL-Link |
| LEADER | 02507nam a2200589 4500 | ||
|---|---|---|---|
| 001 | ocn705353453 | ||
| 003 | OCoLC | ||
| 005 | 20170124071919.1 | ||
| 006 | m o d | ||
| 007 | cr cn||||||||| | ||
| 008 | 110304s2011 mau ob 001 0 eng d | ||
| 040 | |a DG1 |b eng |e pn |c DG1 |d YDXCP |d OTZ |d OCLCQ |d OCLCF |d OCLCA |d DEBBG |d IDEBK |d OCLCQ |d GrThAP | ||
| 019 | |a 808669888 |a 816881413 | ||
| 020 | |a 9781118071724 |q (electronic bk.) | ||
| 020 | |a 1118071727 |q (electronic bk.) | ||
| 020 | |a 1283397935 | ||
| 020 | |a 9781283397933 | ||
| 029 | 1 | |a AU@ |b 000047057155 | |
| 029 | 1 | |a AU@ |b 000047980900 | |
| 029 | 1 | |a AU@ |b 000049641727 | |
| 029 | 1 | |a GBVCP |b 790032678 | |
| 029 | 1 | |a NZ1 |b 15900998 | |
| 029 | 1 | |a DEBBG |b BV043392826 | |
| 035 | |a (OCoLC)705353453 |z (OCoLC)808669888 |z (OCoLC)816881413 | ||
| 037 | |a 10.1002/9781118071724 |b Wiley InterScience |n http://www3.interscience.wiley.com | ||
| 050 | 4 | |a TP1150 |b .S83 2011 | |
| 072 | 7 | |a TDCP |2 bicssc | |
| 082 | 0 | 4 | |a 668.4/12 |2 22 |
| 049 | |a MAIN | ||
| 100 | 1 | |a Subramanian, Muralisrinivasan Natamai. | |
| 245 | 1 | 0 | |a Basics of troubleshooting in plastics processing : |b an introductory practical guide / |c Muralisrinivasan Natamai Subramanian. |
| 264 | 1 | |a Salem, Mass. : |b Scrivener ; |c [2011] | |
| 264 | 1 | |a Hoboken : |b John Wiley & Sons, Inc., |c [2011] | |
| 264 | 4 | |c ©2011 | |
| 300 | |a 1 online resource (xiv, 226 pages) | ||
| 336 | |a text |b txt |2 rdacontent | ||
| 337 | |a computer |b c |2 rdamedia | ||
| 338 | |a online resource |b cr |2 rdacarrier | ||
| 505 | 0 | |a Plastics Materials -- Plastics Additives -- Plastics Processing -- Troubleshooting : Problems and Solutions -- Future Trends. | |
| 504 | |a Includes bibliographical references and index. | ||
| 520 | 8 | |a Annotation |b 'Basics of Troubleshooting in Plastics Processing' is a practical guide that gives the reader a broad introduction to properties of thermoplastics plastics, additives and the major processes (extrusion, injection molding, rotational molding, blow molding, and thermoforming), as well as troubleshooting. | |
| 588 | 0 | |a Print version record. | |
| 650 | 0 | |a Plastics |x Molding. | |
| 650 | 0 | |a Plastics industry and trade. | |
| 650 | 7 | |a Plastics industry and trade. |2 fast |0 (OCoLC)fst01066679 | |
| 650 | 7 | |a Plastics |x Molding. |2 fast |0 (OCoLC)fst01066598 | |
| 655 | 4 | |a Electronic books. | |
| 710 | 2 | |a Wiley InterScience (Online service) | |
| 776 | 0 | |z 1118071727 | |
| 776 | 0 | |z 9781118071724 | |
| 856 | 4 | 0 | |u https://doi.org/10.1002/9781118071724 |z Full Text via HEAL-Link |
| 994 | |a 92 |b DG1 | ||